000 00357nam a2200145Ia 4500
008 150201s2009 xx 000 0 und d
082 _a614
_bL06S
100 _aSINNATAMBY,CHUMY S
245 _aLAST ANATOMY REDIONAL AND APPLIED
250 _a14th
260 _bJAYPEE BROTHERS
_aDELHI
_c2009
300 _a1-571
650 _aHUMAN ANATOMY
942 _2ddc
_cBK
999 _c477
_d477